Sexualidad y matrimonio en la América hispánica. Siglos XVI-XVIII

¿Cómo elegían hombres y mujeres de la Colonia a su cónyuge o a su pareja? ¿Cuáles eran en la América Latina de esta época los patrones de matrimonio y divorcio, de consensualidad e legitimidad? Las preguntas se suceden en los nueve libros y a lo largo de éstos los autores plantean respuestas que abr...

Descrizione completa

Salvato in:
Dettagli Bibliografici
Natura: testo
Pubblicazione: Grijalbo, S.A.
Soggetti:
Tags: Aggiungi Tag
Nessun Tag, puoi essere il primo ad aggiungerne!!

MARC

LEADER 00000 a a2200000 04500
001 35854
003
040
020 |a 970-05-0214-7  
090 |a 1003 L414s  
245 |a Sexualidad y matrimonio en la América hispánica. Siglos XVI-XVIII  
260 |a Grijalbo, S.A.  
300 |a 376 p.  
520 |a ¿Cómo elegían hombres y mujeres de la Colonia a su cónyuge o a su pareja? ¿Cuáles eran en la América Latina de esta época los patrones de matrimonio y divorcio, de consensualidad e legitimidad? Las preguntas se suceden en los nueve libros y a lo largo de éstos los autores plantean respuestas que abren perspectivas inéditas a la investigación histórica. Los temas que toca van desde la sexualidad en México Colonial, Individualización y aculturación, Honor, sexualidad e ilegitimidad en la Hispanoamérica colonial, la elección de consorte en la Argentina Colonial, Divorcio en el Brazil colonial, entre otros  
650 |a SEXUALIDAD  
650 |a SEXO  
650 |a POBLACION INDIGENA  
650 |a FAMILIA  
650 |a IGLESIA  
650 |a ESTADO  
650 |a INVESTIGACION  
650 |a AMERICA LATINA  
999 |c 14158  |d 14158